00819 a2200205 4500010001400000020001100014035001300025037001800038082001100056090001500067100001700082245010800099260006300207270008100270300005400351700003600405942002600441999001500467952013100482 aENG-85458 c100.00 aEN-68991 bD.B.Act / Pub14a323.03 c3180d31801 aBatra, B. B.1 aSrimad Bhagavathacabridged, compiled and edited by Sri Aralihalli Satyanarayana Settybfor deliverance aHospetbAralihalli Bhagyalakshmi Satyanarayana Settyc2006 a"Sri Rama Gowri Plaza", Near Bus Stand, HospetbHospete583201k08394-228154 av.IV.(xxxiii, 289 p.)c21 cm. (Pbk)bphotos (col) aSetty, Aralihalli Satyanarayana adplcENk230.22 / SRI c3118d3118 00102ddc40718NFICaDBADbDBADeDBAD/PUBg100.00l0o323.03pEN-68991r2008-09-15 00:00:00t1u3319v100.00w2008-09-15yEN